00000000nam##2200000za#4500
0019.613835
003CaOODSP
00520230202144024
007ta
008150406|1990||||xxc|||||     f|0| 0 eng|d
020 |a0-662-25829-0
040 |aCaOODSP|beng
043 |an-cn---
0861 |aH72-22/2-1997E
1102 |aNational Clearinghouse on Family Violence (Canada)‏.
24510|aChild sexual abuse / |cEdited by Tom Hay and David Allen.
260 |aOttawa - Ontario : |bHealth Canada. |c1990, revised 1997.
300 |a9p. : |breferences ; |c28 cm.
4901 |aInformation from the National Clearinghouse on Family Violence
500 |aN.B.: Incorrect ISBN (0-662-24593-8) printed in this publication.
590 |a97-21|b1997-05-23
7201 |aHay, Tom
7201 |aAllen, David
7760#|tChild sexual abuse / |w(CaOODSP)9.572693
830#0|aInformation from the National Clearinghouse on Family Violence.|w(CaOODSP)9.514740